Normal view
MARC view
Entry Personal Name
001 - CONTROL NUMBER
- control field: 77697
003 - CONTROL NUMBER IDENTIFIER
- control field: OSt
005 - DATE AND TIME OF LATEST TRANSACTION
- control field: 20230324165301.0
008 - FIXED-LENGTH DATA ELEMENTS
- fixed length control field: 230324|| aca||aabn | a|a d
040 ## - CATALOGING SOURCE
- Original cataloging agency: OSt
- Transcribing agency: OSt
100 ## - HEADING--PERSONAL NAME
- Personal name: ADAMSTONE
670 ## - SOURCE DATA FOUND
- Source citation: Work cat.: (OSt)138752: SHUMWAY 77695, Introduction to vertebrate embryology, 1962